[Event "GER-ch 86th"]
[Site "Saarbruecken"]
[Date "2015.12.07"]
[Round "5"]
[White "Dorst, Johannes"]
[Black "Tschann, Stephan"]
[Result "1-0"]
[WhiteElo "2224"]
[BlackElo "2262"]
[EventDate "2015.12.03"]
[PlyCount "75"]

1. e4 e5 2. Nf3 Nc6 3. Bc4 Bc5 4. c3 Nf6 5. d3 a6 6. Nbd2 Ba7 7. Nf1 d6 8. Bb3 d5 9. Qe2 dxe4 10. dxe4 Ng4 11. Ne3 O-O 12. Nxg4 Bxg4 13. h3 Bd7 14. O-O Qe8 15. Nh4 Kh8 16. Qf3 Be6 17. Bc2 f6 18. Nf5 Qf7 19. b3 Bc5 20. b4 Ba7 21. a4 Ne7 22. Rd1 Rfd8 23. Be3 Bxe3 24. Qxe3 Nxf5 25. exf5 Bc4 26. Be4 c6 27. Qb6 Qe7 28. a5 Bb3 29. Rdb1 Bc4 30. Rd1 Rd7 31. Rxd7 Qxd7 32. Bf3 Bb3 33. b5 Bd5 34. bxc6 bxc6 35. Rd1 Qxf5 36. c4 Bxc4 37. Qxc6 Qc8 38. Qxa8 1-0

[Event "GER-ch 86th"]
[Site "Saarbruecken"]
[Date "2015.12.07"]
[Round "5"]
[White "Fuellgrabe, Thomas"]
[Black "Middelhoff, Cornelius"]
[Result "1-0"]
[WhiteElo "2244"]
[BlackElo "2137"]
[EventDate "2015.12.03"]
[PlyCount "75"]

1. e4 c5 2. Nf3 Nc6 3. Bb5 g6 4. O-O Bg7 5. c3 Nf6 6. Re1 O-O 7. h3 a6 8. Bf1 e5 9. d4 d6 10. d5 Ne7 11. a4 b6 12. Nbd2 Qc7 13. b4 a5 14. Nc4 axb4 15. cxb4 cxb4 16. Bd2 Ba6 17. Nb2 Nd7 18. Bxb4 Nc5 19. Bxc5 Qxc5 20. Bxa6 Rxa6 21. Qe2 Qc8 22. Nc4 Qa8 23. Nxd6 Rxa4 24. Rxa4 Qxa4 25. Nc4 b5 26. Ncxe5 Nc8 27. Nc6 Bc3 28. Rd1 Re8 29. d6 b4 30. d7 Qxc6 31. dxe8=Q+ Qxe8 32. Qc4 Kg7 33. Qc7 Bf6 34. Rc1 Bc3 35. e5 Ne7 36. Rd1 Nc6 37. e6 Kf6 38. exf7 1-0

[Event "GER-ch 86th"]
[Site "Saarbruecken"]
[Date "2015.12.07"]
[Round "5"]
[White "Groeger, Stefan"]
[Black "Mueller, Nick"]
[Result "1/2-1/2"]
[WhiteElo "2087"]
[BlackElo "2175"]
[EventDate "2015.12.03"]
[PlyCount "81"]

1. d4 f5 2. Bg5 g6 3. Nd2 Bg7 4. e4 fxe4 5. Nxe4 Nf6 6. Nxf6+ exf6 7. Be3 d5 8. Qd2 Nc6 9. Bb5 Bf5 10. Ne2 Qd7 11. O-O a6 12. Ba4 h5 13. c4 dxc4 14. d5 b5 15. dxc6 Qxd2 16. Bxd2 O-O-O 17. Bxb5 axb5 18. Bc3 Be4 19. a4 Bxc6 20. axb5 Bd5 21. Ra7 Rd6 22. Nf4 Kb8 23. Rfa1 Bb7 24. Nxg6 Re8 25. Nf4 h4 26. R7a4 Re4 27. Nh5 Bh8 28. f3 Re2 29. Rxc4 h3 30. Nf4 Rc2 31. Nxh3 f5 32. Nf4 Rdd2 33. Bxd2 Rxc4 34. Be3 Bxb2 35. Rb1 Be5 36. Nd3 Bd6 37. Bf2 Rc3 38. Ne1 Kc8 39. h4 Kd7 40. Kf1 Bd5 41. Bd4 1/2-1/2

[Event "GER-ch 86th"]
[Site "Saarbruecken"]
[Date "2015.12.07"]
[Round "5"]
[White "Hilverda, Alexander"]
[Black "Stips, Felix"]
[Result "1/2-1/2"]
[WhiteElo "2385"]
[BlackElo "2319"]
[EventDate "2015.12.03"]
[PlyCount "110"]

1. d4 d5 2. c4 c6 3. Nf3 Nf6 4. Nc3 a6 5. c5 g6 6. Bf4 Bg7 7. h3 O-O 8. e3 Nbd7 9. Bh2 Ne4 10. Be2 e5 11. O-O exd4 12. exd4 Re8 13. Re1 Ng5 14. Qd2 Nxf3+ 15. Bxf3 Rxe1+ 16. Rxe1 Nf8 17. Na4 Be6 18. Qb4 Nd7 19. Qxb7 Bxd4 20. Rd1 Be5 21. Qxc6 Bxh2+ 22. Kxh2 Ne5 23. Qd6 Nxf3+ 24. gxf3 Qh4 25. Nc3 Qxh3+ 26. Kg1 Qxf3 27. Qg3 Qxg3+ 28. fxg3 Rc8 29. b4 a5 30. a3 axb4 31. axb4 Ra8 32. c6 Ra3 33. Nxd5 Rxg3+ 34. Kf2 Rb3 35. c7 Rb2+ 36. Ke3 Kg7 37. Rc1 Bc8 38. Kd4 h5 39. Kc5 h4 40. Ne7 Be6 41. b5 h3 42. b6 g5 43. Kc6 g4 44. b7 Rxb7 45. Kxb7 g3 46. c8=Q Bxc8+ 47. Kxc8 Kf6 48. Kd7 g2 49. Nd5+ Ke5 50. Ne3 Kf4 51. Nxg2+ hxg2 52. Ke7 Kf3 53. Kxf7 Kf2 54. Kf6 g1=Q 55. Rxg1 Kxg1 1/2-1/2

[Event "GER-ch 86th"]
[Site "Saarbruecken"]
[Date "2015.12.07"]
[Round "5"]
[White "Liedtke, Matthias"]
[Black "Riegler, Dieter"]
[Result "1-0"]
[WhiteElo "2286"]
[BlackElo "2075"]
[EventDate "2015.12.03"]
[PlyCount "81"]

1. e4 c5 2. Nc3 Nc6 3. g3 g6 4. Bg2 Bg7 5. d3 d6 6. Nh3 e6 7. O-O Nge7 8. Be3 Rb8 9. Qd2 h6 10. a3 Qd7 11. Kh1 b6 12. f4 f5 13. Bg1 O-O 14. Rae1 Bb7 15. Nf2 Rbe8 16. Ne2 Nd4 17. c3 Nxe2 18. Rxe2 d5 19. Rfe1 dxe4 20. dxe4 Qc7 21. Qc2 Kh7 22. h3 Bc6 23. Bh2 Bf6 24. Qb3 Ng8 25. Bg1 Re7 26. Qc4 Rd8 27. exf5 Bxg2+ 28. Kxg2 Qc6+ 29. Qe4 Qxe4+ 30. Nxe4 gxf5 31. Nd2 Kg7 32. a4 Kf7 33. a5 Rd6 34. Nc4 Rc6 35. Rd1 Kg6 36. Rd8 Rg7 37. axb6 axb6 38. Rb8 Ne7 39. Rxb6 Rxb6 40. Nxb6 Kf7 41. Bxc5 1-0

[Event "GER-ch 86th"]
[Site "Saarbruecken"]
[Date "2015.12.07"]
[Round "5"]
[White "Margraf, Daniel"]
[Black "Mailitis, Kai"]
[Result "0-1"]
[WhiteElo "2277"]
[BlackElo "2087"]
[EventDate "2015.12.03"]
[PlyCount "74"]

1. e4 c5 2. Nc3 e6 3. g3 Nc6 4. Bg2 g6 5. d3 Bg7 6. Nh3 Nge7 7. O-O O-O 8. Bg5 Qa5 9. Bd2 b5 10. Qc1 Nd4 11. Re1 b4 12. Nd1 Bb7 13. Ne3 f5 14. c3 Ndc6 15. Nc4 Qc7 16. Bh6 d5 17. Bxg7 Kxg7 18. Nf4 Nd8 19. exd5 Nxd5 20. Nxe6+ Nxe6 21. Rxe6 Rae8 22. Qe1 Nf6 23. Bxb7 Rxe6 24. Qxe6 Qxb7 25. Nd6 Qf3 26. cxb4 cxb4 27. Qe7+ Kg8 28. Qxa7 Qxd3 29. Qe7 Qd2 30. Nc4 Qd4 31. Qe6+ Kg7 32. Rc1 f4 33. Qe5 Qa7 34. Qxf4 Ng4 35. Qxg4 Rxf2 36. Nb6 Qxb6 37. Qd7+ Rf7+ 0-1

[Event "GER-ch 86th"]
[Site "Saarbruecken"]
[Date "2015.12.07"]
[Round "5"]
[White "Mueller, Reinhold"]
[Black "Zuferi, Enis"]
[Result "1/2-1/2"]
[WhiteElo "2324"]
[BlackElo "2210"]
[EventDate "2015.12.03"]
[PlyCount "98"]

1. d4 Nf6 2. c4 g6 3. Nf3 Bg7 4. g3 c6 5. Bg2 d5 6. cxd5 cxd5 7. O-O O-O 8. Ne5 Ne4 9. Nd2 Nd7 10. Nxe4 dxe4 11. Bxe4 Nxe5 12. dxe5 Bh3 13. Re1 Bxe5 14. Bh6 Bxb2 15. Rb1 Qxd1 16. Rexd1 Rfd8 17. Rxd8+ Rxd8 18. Bd3 Bg7 19. Bxg7 Kxg7 20. Rxb7 Rd7 21. Rb4 Rc7 22. f3 Be6 23. Ra4 f6 24. h4 h6 25. Ra6 Bc8 26. Ra5 g5 27. Kf2 e5 28. hxg5 hxg5 29. Ke3 Kf7 30. g4 Be6 31. Be4 Ke7 32. Bd5 Bc8 33. Bb3 Kd6 34. Rd5+ Ke7 35. Rd1 Bb7 36. Rh1 Rc3+ 37. Kd2 Rc7 38. Rh7+ Kd6 39. Rh6 Ke7 40. Kd3 Bc6 41. Ke3 Bb7 42. Rh8 Bc6 43. Bc4 Rd7 44. Bd3 Rc7 45. Be4 Bb5 46. Rb8 Ba4 47. Bd5 Be8 48. Bb3 Bc6 49. Rh8 e4 1/2-1/2

[Event "GER-ch 86th"]
[Site "Saarbruecken"]
[Date "2015.12.07"]
[Round "5"]
[White "Poetsch, Hagen"]
[Black "Donchenko, Alexander"]
[Result "1/2-1/2"]
[WhiteElo "2514"]
[BlackElo "2582"]
[EventDate "2015.12.03"]
[PlyCount "52"]

1. e4 c5 2. Nf3 d6 3. d4 cxd4 4. Nxd4 Nf6 5. Nc3 a6 6. Bg5 Nbd7 7. Bc4 Qb6 8. Bb3 e6 9. Bxf6 Nxf6 10. Qd2 Nd7 11. O-O-O Nc5 12. Rhe1 Bd7 13. Nf5 O-O-O 14. Nxd6+ Bxd6 15. Qxd6 Nxb3+ 16. cxb3 Qxf2 17. Re2 Qh4 18. Na4 Bxa4 19. Rc2+ Bc6 20. Rxc6+ bxc6 21. Qxc6+ Kb8 22. Qb6+ Kc8 23. Qxa6+ Kb8 24. Qb6+ Kc8 25. Qa6+ Kb8 26. Qb6+ Kc8 1/2-1/2

[Event "GER-ch 86th"]
[Site "Saarbruecken"]
[Date "2015.12.07"]
[Round "5"]
[White "Scherer, Max"]
[Black "Paulsen, Dirk"]
[Result "0-1"]
[WhiteElo "2236"]
[BlackElo "2303"]
[EventDate "2015.12.03"]
[PlyCount "74"]

1. c4 e5 2. g3 Nc6 3. Bg2 g6 4. e3 Bg7 5. Nc3 d6 6. Nge2 Be6 7. b3 Qd7 8. h3 Nge7 9. d4 exd4 10. exd4 d5 11. Bg5 dxc4 12. d5 Nxd5 13. Bxd5 Bxd5 14. Nxd5 Bxa1 15. Bf6 Ne5 16. bxc4 Bb2 17. Nef4 c6 18. Qe2 cxd5 19. O-O O-O 20. Nxd5 Rfe8 21. Qxb2 Qf5 22. Bxe5 Qxe5 23. Qxb7 Qd4 24. Qc6 Red8 25. Re1 Rab8 26. Kg2 Rb2 27. Re3 Rb1 28. Nf6+ Kg7 29. Ng4 h5 30. Re4 Qa1 31. Ne3 Rg1+ 32. Kh2 Rh1+ 33. Kg2 Qg1+ 34. Kf3 Rh2 35. Ng4 hxg4+ 36. Kxg4 Qd1+ 37. f3 Qd7+ 0-1

[Event "GER-ch 86th"]
[Site "Saarbruecken"]
[Date "2015.12.07"]
[Round "5"]
[White "Stern, Rene"]
[Black "Fridman, Daniel"]
[Result "1/2-1/2"]
[WhiteElo "2538"]
[BlackElo "2627"]
[EventDate "2015.12.03"]
[PlyCount "73"]

1. d4 Nf6 2. c4 e6 3. Nc3 Bb4 4. Bd2 c5 5. dxc5 O-O 6. Nf3 Bxc5 7. g3 d5 8. cxd5 exd5 9. Bg2 Re8 10. O-O Nc6 11. a3 d4 12. Na4 Bf8 13. Bb4 d3 14. Qxd3 Qxd3 15. exd3 Nxb4 16. axb4 Bf5 17. Nc5 Bxc5 18. bxc5 Bxd3 19. Rfd1 Be4 20. Nd4 a6 21. Rac1 Bxg2 22. Kxg2 g6 23. c6 Re7 24. b4 Rc7 25. Ra1 bxc6 26. Rdc1 Rb8 27. Rxc6 Rxc6 28. Nxc6 Rb6 29. Ne5 Nd5 30. Nd3 Nxb4 31. Nxb4 Rxb4 32. Rxa6 h5 33. h4 Kg7 34. Kg1 Kg8 35. Kg2 Kg7 36. Kg1 Kg8 37. Kg2 1/2-1/2

[Event "GER-ch 86th"]
[Site "Saarbruecken"]
[Date "2015.12.07"]
[Round "5"]
[White "Voigt, Martin"]
[Black "Frischmann, Rick"]
[Result "0-1"]
[WhiteElo "2342"]
[BlackElo "2274"]
[EventDate "2015.12.03"]
[PlyCount "94"]

1. e4 c5 2. Nf3 e6 3. d4 cxd4 4. Nxd4 Nc6 5. Nc3 Qc7 6. g3 Bb4 7. Bg2 Nxd4 8. Qxd4 Bxc3+ 9. bxc3 f6 10. O-O b6 11. a4 Ne7 12. Ba3 Bb7 13. Bd6 Qc6 14. a5 Nf5 15. Qd3 Nxd6 16. a6 e5 17. Rfd1 Ke7 18. axb7 Nxb7 19. Qf3 g6 20. h4 a5 21. Rd5 Nc5 22. Rad1 Rhf8 23. h5 a4 24. hxg6 hxg6 25. c4 a3 26. Qc3 Ra4 27. f4 d6 28. fxe5 dxe5 29. Bh3 a2 30. Ra1 Ra7 31. Qb2 Rfa8 32. Kh2 Ne6 33. Qb4+ Nc5 34. Qb2 Qc7 35. Qc1 Rh8 36. Kg2 Kf7 37. c3 Kg7 38. Qb2 Rha8 39. Qb4 Qc6 40. Qb2 Nxe4 41. Qb4 Nc5 42. Kg1 Ra3 43. Qb2 Rb3 44. Qc2 Qa4 45. Qc1 Qxc4 46. Bg2 Ra7 47. Qd2 Rb1+ 0-1

[Event "GER-ch 86th"]
[Site "Saarbruecken"]
[Date "2015.12.07"]
[Round "5"]
[White "Weber, Max"]
[Black "Braun, Christian1"]
[Result "0-1"]
[WhiteElo "2160"]
[BlackElo "2397"]
[EventDate "2015.12.03"]
[PlyCount "118"]

1. d4 g6 2. e4 Bg7 3. Nc3 c6 4. Bc4 b5 5. Bb3 b4 6. Nce2 d5 7. e5 Na6 8. Nf3 Bg4 9. Nf4 e6 10. h3 Bxf3 11. Qxf3 Ne7 12. g4 Qb6 13. c3 Qa5 14. Kf1 c5 15. Kg2 Rc8 16. h4 h6 17. h5 g5 18. Ne2 Nb8 19. Be3 Nbc6 20. Qg3 Qb5 21. Rhe1 a5 22. f4 a4 23. Bc2 cxd4 24. Nxd4 Nxd4 25. Bxd4 gxf4 26. Qxf4 Nc6 27. Rad1 bxc3 28. bxc3 Nxd4 29. Rxd4 O-O 30. Bd3 Qb2+ 31. Re2 Qxc3 32. g5 Qc1 33. Re3 hxg5 34. Qxg5 f6 35. Qg6 Rf7 36. Re2 fxe5 37. Rg4 e4 38. h6 Qf1+ 39. Kh2 exd3 40. Reg2 Rc2 41. Qxe6 Rxg2+ 42. Rxg2 Qf4+ 43. Kh1 Qh4+ 44. Kg1 Qd4+ 45. Kh2 d2 46. Qc8+ Kh7 47. Qc2+ Qe4 48. hxg7 Rxg7 49. Rxg7+ Kxg7 50. Qxd2 Kf6 51. Qh6+ Ke5 52. Qh8+ Kf4 53. Qf6+ Ke3 54. Qc3+ Ke2 55. Qb2+ Kd1 56. Qa3 Kc2 57. Kg1 Qc4 58. Qf3 Qd4+ 59. Kh2 Qd2+ 0-1

[Event "GER-ch 86th"]
[Site "Saarbruecken"]
[Date "2015.12.07"]
[Round "5"]
[White "Wild, Achim"]
[Black "Kollars, Dmitrij"]
[Result "0-1"]
[WhiteElo "2182"]
[BlackElo "2445"]
[EventDate "2015.12.03"]
[PlyCount "92"]

1. Nf3 Nf6 2. c4 g6 3. d4 Bg7 4. g3 O-O 5. Bg2 d6 6. O-O Nc6 7. Nc3 e5 8. d5 Nb8 9. Ne1 a5 10. a3 Nfd7 11. e4 Nc5 12. Be3 Nbd7 13. b4 axb4 14. axb4 Rxa1 15. Qxa1 Nb3 16. Qd1 Nd4 17. Nc2 Nxc2 18. Qxc2 f5 19. f3 Nf6 20. c5 Bd7 21. Qa2 Kh8 22. Qa7 fxe4 23. fxe4 Ng4 24. cxd6 cxd6 25. Bb6 Qc8 26. Rxf8+ Bxf8 27. Qa3 h5 28. h3 Nf6 29. Kh2 Bh6 30. b5 Ne8 31. Qb3 Kg7 32. Bf2 h4 33. g4 Bg5 34. Bf1 Nf6 35. Bg2 Bf4+ 36. Kg1 Bg3 37. Be3 Bf4 38. Bxf4 Qc5+ 39. Kh1 exf4 40. Ne2 Bxb5 41. Qb2 f3 42. g5 fxe2 43. Qxf6+ Kg8 44. Qxg6+ Kf8 45. Qf6+ Ke8 46. Qa1 Qf2 0-1

[Event "GER-ch 86th"]
[Site "Saarbruecken"]
[Date "2015.12.07"]
[Round "5"]
[White "Zude, Erik"]
[Black "Keymer, Vincent"]
[Result "1/2-1/2"]
[WhiteElo "2394"]
[BlackElo "2342"]
[EventDate "2015.12.03"]
[PlyCount "41"]

1. c4 c6 2. Nc3 d5 3. e3 Nf6 4. Nf3 e6 5. b3 Nbd7 6. Qc2 Be7 7. Bb2 O-O 8. Be2 b6 9. Rg1 c5 10. g4 Bb7 11. g5 Ne4 12. cxd5 exd5 13. Nxe4 dxe4 14. Bc4 Kh8 15. Nh4 Bxg5 16. Bxg7+ Kxg7 17. Qc3+ Kh6 18. Nf5+ Kg6 19. Nh4+ Kh6 20. Nf5+ Kg6 21. Nh4+ 1/2-1/2

[Event "GER-ch 86th"]
[Site "Saarbruecken"]
[Date "2015.12.08"]
[Round "6"]
[White "Braun, Christian1"]
[Black "Mueller, Nick"]
[Result "1-0"]
[WhiteElo "2397"]
[BlackElo "2175"]
[EventDate "2015.12.03"]
[PlyCount "109"]

1. e4 e5 2. Nf3 Nc6 3. Bb5 Nf6 4. d3 Bc5 5. Nbd2 d6 6. a4 a6 7. Bxc6+ bxc6 8. Nb3 Ba7 9. Na5 Bd7 10. O-O h6 11. Qe2 O-O 12. h3 Nh5 13. Nxe5 Ng3 14. Qf3 Nxf1 15. Naxc6 Bxc6 16. Nxc6 Qd7 17. Nxa7 Rxa7 18. Kxf1 f5 19. exf5 Rxf5 20. Qg4 h5 21. Qc4+ Qf7 22. Qxf7+ Kxf7 23. Be3 Rb7 24. b3 Re5 25. Ke2 Rb8 26. Kd2 Ke6 27. f4 Rf5 28. g4 Rf7 29. Rf1 hxg4 30. hxg4 Rh8 31. f5+ Kd7 32. b4 Rh2+ 33. Kc3 Rg2 34. g5 Rg4 35. a5 Rg3 36. Bc1 Rf8 37. Kb3 Rb8 38. f6 gxf6 39. gxf6 Ke6 40. Bb2 Kf7 41. Re1 c5 42. Re7+ Kf8 43. Bc3 cxb4 44. Bxb4 Rg6 45. Re6 Kf7 46. Rxd6 Rxf6 47. Rd7+ Ke8 48. Rh7 Kd8 49. c4 Rf1 50. Kc3 Kc8 51. Bc5 Rb7 52. Rh8+ Kd7 53. Bb6 Rf6 54. d4 Re6 55. c5 1-0

[Event "GER-ch 86th"]
[Site "Saarbruecken"]
[Date "2015.12.08"]
[Round "6"]
[White "Frischmann, Rick"]
[Black "Zude, Erik"]
[Result "0-1"]
[WhiteElo "2274"]
[BlackElo "2394"]
[EventDate "2015.12.03"]
[PlyCount "86"]

1. d4 d6 2. Nf3 Nf6 3. c4 Nbd7 4. Nc3 c6 5. g3 e5 6. Bg2 Be7 7. O-O O-O 8. e4 Re8 9. h3 Qc7 10. Be3 Nf8 11. Qc2 Ng6 12. Rad1 h5 13. dxe5 dxe5 14. c5 Nd7 15. Na4 Ndf8 16. Kh2 Nh7 17. b3 Rf8 18. Qc3 h4 19. Nb2 Be6 20. Nc4 Rfd8 21. Qa5 Qb8 22. Qb4 b5 23. Nd6 a5 24. Qd2 b4 25. Qc2 hxg3+ 26. fxg3 Bxd6 27. cxd6 Rxd6 28. Qc5 Rxd1 29. Rxd1 Qb5 30. Qc2 a4 31. Bf1 axb3 32. axb3 Qa5 33. Nd2 Nf6 34. Qxc6 Rc8 35. Qb7 Rc2 36. Bd3 Rc3 37. Bb6 Qa2 38. Bb1 Qb2 39. Ba5 Nh5 40. Qb8+ Kh7 41. Qxb4 Rxb3 42. Qc5 Rxg3 43. Rc1 Ngf4 0-1

[Event "GER-ch 86th"]
[Site "Saarbruecken"]
[Date "2015.12.08"]
[Round "6"]
[White "Hirneise, Jens"]
[Black "Fridman, Daniel"]
[Result "1/2-1/2"]
[WhiteElo "2266"]
[BlackElo "2627"]
[EventDate "2015.12.03"]
[PlyCount "121"]

1. e4 c6 2. Nc3 d5 3. Nf3 a6 4. d4 Bg4 5. h3 Bh5 6. Bd3 e6 7. a3 Nf6 8. e5 Nfd7 9. g4 Bg6 10. Bxg6 hxg6 11. Ne2 c5 12. c3 Nc6 13. Be3 Qb6 14. Rb1 Na5 15. Nd2 Qc6 16. b4 cxb4 17. axb4 Nc4 18. Nxc4 Qxc4 19. Kf1 Qc6 20. Kg1 Be7 21. g5 Nb6 22. h4 Kd7 23. Kg2 Nc4 24. Qd3 a5 25. bxa5 Rxa5 26. Nf4 Ra3 27. Bc1 Ra2 28. h5 gxh5 29. g6 f6 30. exf6 Bxf6 31. Rxh5 Rxh5 32. Nxh5 Bh4 33. Ng3 Nd6 34. Bf4 Ne4 35. Rf1 Bxg3 36. Bxg3 e5 37. dxe5 Rd2 38. e6+ Qxe6 39. Qb5+ Qc6 40. Qxc6+ bxc6 41. Be5 Ke6 42. Bxg7 Kf5 43. Bh6 Ra2 44. g7 Ra8 45. Ra1 Rg8 46. Ra6 c5 47. Ra5 Kg6 48. Be3 Rxg7 49. Bxc5 Kf5+ 50. Kf3 Nxc3 51. Bd4 Rc7 52. Ke3 Ke6 53. Ra6+ Kd7 54. Be5 Rc4 55. f3 Ne4 56. f4 Rc6 57. Rxc6 Kxc6 58. f5 Kd7 59. Kd4 Nd6 60. Kxd5 Nxf5 61. Ke4 1/2-1/2

[Event "GER-ch 86th"]
[Site "Saarbruecken"]
[Date "2015.12.08"]
[Round "6"]
[White "Keymer, Vincent"]
[Black "Carow, Johannes"]
[Result "1/2-1/2"]
[WhiteElo "2342"]
[BlackElo "2431"]
[EventDate "2015.12.03"]
[PlyCount "112"]

1. d4 Nf6 2. c4 g6 3. Nc3 d5 4. cxd5 Nxd5 5. Nf3 Bg7 6. Na4 O-O 7. e4 Nb6 8. Be3 Nxa4 9. Qxa4 c5 10. Rd1 Bg4 11. dxc5 Qc7 12. Qa3 Nd7 13. Be2 b6 14. b4 a5 15. cxb6 axb4 16. Qxa8 Qc3+ 17. Bd2 Rxa8 18. Bxc3 Bxc3+ 19. Nd2 Nxb6 20. Bxg4 Nc4 21. Ke2 Rxa2 22. f4 Nxd2 23. Kd3 Nb3 24. Bf3 Nc5+ 25. Kc4 Nb7 26. e5 Na5+ 27. Kb5 Nb3 28. Bd5 Rb2 29. e6 fxe6 30. Bxe6+ Kg7 31. Kc4 Na5+ 32. Kc5 Nb7+ 33. Kc6 Nd6 34. Kd7 Ne4 35. Kxe7 Nf2 36. Bd5 Nxh1 37. Rxh1 b3 38. Bc4 Rxg2 39. Bxb3 Rf2 40. h4 Rxf4 41. h5 gxh5 42. Rxh5 Kg6 43. Rh1 Bf6+ 44. Ke6 h5 45. Bc2+ Kh6 46. Bf5 Bg5 47. Ke5 Rb4 48. Be4 Rb5+ 49. Kd4 h4 50. Bd3 Rb4+ 51. Ke5 Bf4+ 52. Kf5 Bg3 53. Be4 Rb5+ 54. Kg4 Rg5+ 55. Kf3 Re5 56. Ra1 Re6 1/2-1/2

[Event "GER-ch 86th"]
[Site "Saarbruecken"]
[Date "2015.12.08"]
[Round "6"]
[White "Khenkin, Igor"]
[Black "Dorst, Johannes"]
[Result "1-0"]
[WhiteElo "2594"]
[BlackElo "2224"]
[EventDate "2015.12.03"]
[PlyCount "57"]

1. d4 Nf6 2. c4 g6 3. Nc3 Bg7 4. e4 d6 5. Nf3 O-O 6. Be2 e5 7. d5 a5 8. Bg5 h6 9. Be3 Ng4 10. Bc1 Na6 11. O-O f5 12. exf5 gxf5 13. g3 Nf6 14. Nh4 f4 15. gxf4 Bh3 16. Ng2 e4 17. Kh1 Qd7 18. Rg1 Ng4 19. Be3 Rae8 20. Nb5 Nc5 21. Nd4 h5 22. Qd2 Qe7 23. f5 Kh7 24. Nf4 Nxf2+ 25. Bxf2 e3 26. Bxe3 Qxe3 27. Rxg7+ Kxg7 28. Nfe6+ Nxe6 29. Qxe3 1-0

[Event "GER-ch 86th"]
[Site "Saarbruecken"]
[Date "2015.12.08"]
[Round "6"]
[White "Kollars, Dmitrij"]
[Black "Bode, Wilfried"]
[Result "1/2-1/2"]
[WhiteElo "2445"]
[BlackElo "2338"]
[EventDate "2015.12.03"]
[PlyCount "81"]

1. e4 e5 2. Nc3 Nf6 3. g3 c6 4. d4 exd4 5. Qxd4 d5 6. Bg2 Be6 7. Nge2 Nxe4 8. Nxe4 dxe4 9. Qxd8+ Kxd8 10. Bxe4 Bd6 11. Bf4 Bxf4 12. Nxf4 Nd7 13. O-O-O Kc7 14. Nxe6+ fxe6 15. Rhe1 Rae8 16. f4 Re7 17. Re2 g6 18. Bg2 Rhe8 19. Bh3 h6 20. Rde1 Kd6 21. Rd1+ Kc7 22. Rde1 Kd6 23. Re4 g5 24. Rd1+ Kc7 25. Rde1 Kd6 26. Rd4+ Kc7 27. Kd2 e5 28. Rxd7+ Rxd7+ 29. Bxd7 Kxd7 30. fxe5 Rf8 31. Ke3 Rf5 32. Rd1+ Ke7 33. Rd2 Rxe5+ 34. Kf3 h5 35. Re2 Rxe2 36. Kxe2 Ke6 37. h3 g4 38. hxg4 hxg4 39. Ke3 Ke5 40. c3 c5 41. c4 1/2-1/2

[Event "GER-ch 86th"]
[Site "Saarbruecken"]
[Date "2015.12.08"]
[Round "6"]
[White "Kunin, Vitaly L"]
[Black "Stern, Rene"]
[Result "1-0"]
[WhiteElo "2561"]
[BlackElo "2538"]
[EventDate "2015.12.03"]
[PlyCount "59"]

1. d4 Nf6 2. c4 e6 3. g3 d5 4. Nf3 dxc4 5. Bg2 c5 6. O-O Nc6 7. Ne5 Bd7 8. Na3 cxd4 9. Naxc4 Be7 10. Qb3 Qc7 11. Bf4 Nd5 12. Bxd5 exd5 13. Nxf7 dxc4 14. Qxc4 Qc8 15. Nxh8 Be6 16. Qd3 Bf5 17. e4 Bh3 18. Rfc1 Kf8 19. b4 a6 20. a4 Kg8 21. b5 axb5 22. axb5 Rxa1 23. Rxa1 Nb4 24. Qxd4 Nc2 25. Qd5+ Kxh8 26. Rc1 Qg4 27. Qf7 h6 28. Be5 Bc5 29. Qxb7 Kg8 30. Qxg7+ {Schwarz gab auf. Nach 30...Dxg7 31.Lxg7 Kxg7 32.Txc2 hat WeiA zu viele Bauern.} 1-0

[Event "GER-ch 86th"]
[Site "Saarbruecken"]
[Date "2015.12.08"]
[Round "6"]
[White "Liedtke, Matthias"]
[Black "Bastian, Herbert"]
[Result "1/2-1/2"]
[WhiteElo "2286"]
[BlackElo "2328"]
[EventDate "2015.12.03"]
[PlyCount "96"]

1. e4 c5 2. Nc3 Nc6 3. g3 g6 4. Bg2 Bg7 5. d3 d6 6. Nh3 Nf6 7. O-O O-O 8. f4 Bg4 9. Qd2 Bd7 10. Nf2 Rb8 11. Qd1 b5 12. a3 a5 13. h3 b4 14. Ne2 Qb6 15. g4 Ne8 16. Ng3 Nc7 17. Kh1 Nb5 18. a4 Nbd4 19. Bd2 b3 20. c3 Nc2 21. Rb1 Na7 22. g5 Bxa4 23. Ng4 Bd7 24. f5 f6 25. gxf6 exf6 26. Bh6 Qd8 27. Bxg7 Kxg7 28. Qd2 Qe7 29. h4 Kh8 30. Rf2 Nc6 31. Rbf1 Qg7 32. Bh3 Ne5 33. Rg1 Nxg4 34. Bxg4 a4 35. Bh3 a3 36. bxa3 Nxa3 37. Nh5 gxh5 38. Rxg7 Kxg7 39. Rg2+ Kh8 40. Qh6 Rf7 41. Qxh5 Rg7 42. Qh6 Rxg2 43. Kxg2 b2 44. Qxf6+ Kg8 45. Qg5+ Kf7 46. Qh5+ Kf8 47. Qxh7 b1=Q 48. Qh8+ Kf7 1/2-1/2

[Event "GER-ch 86th"]
[Site "Saarbruecken"]
[Date "2015.12.08"]
[Round "6"]
[White "Middelhoff, Cornelius"]
[Black "Voigt, Martin"]
[Result "1-0"]
[WhiteElo "2137"]
[BlackElo "2342"]
[EventDate "2015.12.03"]
[PlyCount "59"]

1. d4 d5 2. c4 c6 3. Nf3 Nf6 4. e3 Bf5 5. Nc3 e6 6. Nh4 Be4 7. f3 Bg6 8. Qb3 Qc7 9. Bd2 Be7 10. Nxg6 hxg6 11. O-O-O a6 12. g3 dxc4 13. Qxc4 b5 14. Qe2 c5 15. dxc5 Nbd7 16. b4 O-O 17. f4 Nxc5 18. bxc5 b4 19. Na4 Qa5 20. Nb2 Qxa2 21. Qc4 b3 22. Qa4 Rfc8 23. Qxa2 bxa2 24. Kc2 Rxc5+ 25. Nc4 Ne4 26. Ra1 Rd8 27. Be1 Nd6 28. Bb4 Nxc4 29. Bxc5 Rd2+ 30. Kc3 1-0

[Event "GER-ch 86th"]
[Site "Saarbruecken"]
[Date "2015.12.08"]
[Round "6"]
[White "Paulsen, Dirk"]
[Black "Mailitis, Kai"]
[Result "1/2-1/2"]
[WhiteElo "2303"]
[BlackElo "2087"]
[EventDate "2015.12.03"]
[PlyCount "109"]

1. e4 e6 2. c4 c5 3. Nf3 Nc6 4. Nc3 Nf6 5. d4 cxd4 6. Nxd4 Be7 7. Ndb5 d6 8. Bf4 e5 9. Bg5 a6 10. Bxf6 gxf6 11. Na3 f5 12. exf5 Bxf5 13. Bd3 Bg6 14. Nc2 f5 15. Nd5 e4 16. Be2 Bf6 17. O-O O-O 18. Nf4 Qe7 19. Rb1 Be5 20. g3 Rae8 21. Kh1 Nd8 22. Ne3 Qg7 23. b4 Ne6 24. Ned5 Bf7 25. Bh5 Qh6 26. Bxf7+ Rxf7 27. Nxe6 Rxe6 28. f4 exf3 29. Rxf3 f4 30. gxf4 Bxf4 31. Nxf4 Rxf4 32. Rg3+ Kh8 33. Qd5 Rf2 34. h3 Qd2 35. Qxd2 Rxd2 36. Rf1 h5 37. Rg2 Rxg2 38. Kxg2 Re4 39. Rf7 Rxc4 40. Rxb7 Rc2+ 41. Kg3 Rxa2 42. Kh4 Ra3 43. Kxh5 Rxh3+ 44. Kg6 Rg3+ 45. Kf6 Re3 46. Rb6 d5 47. Rxa6 Rb3 48. Kg6 Rg3+ 49. Kf6 Rb3 50. Rb6 d4 51. b5 Kg8 52. Rb8+ Kh7 53. Rb7+ Kh6 54. Rb8 Kh7 55. Rb7+ 1/2-1/2

[Event "GER-ch 86th"]
[Site "Saarbruecken"]
[Date "2015.12.08"]
[Round "6"]
[White "Poetsch, Hagen"]
[Black "Bischoff, Klaus"]
[Result "0-1"]
[WhiteElo "2514"]
[BlackElo "2497"]
[EventDate "2015.12.03"]
[PlyCount "80"]

1. e4 Nf6 2. e5 Nd5 3. d4 d6 4. Nf3 Bg4 5. Be2 e6 6. h3 Bh5 7. c4 Nb6 8. exd6 cxd6 9. d5 exd5 10. cxd5 Be7 11. Nc3 Bxf3 12. Bxf3 O-O 13. O-O N8d7 14. a4 Rc8 15. Be2 a6 16. a5 Nc4 17. Qa4 Nce5 18. Be3 Nc5 19. Qb4 Ned7 20. Rfc1 Bg5 21. f4 Bf6 22. Bg4 Re8 23. Bxc5 Rxc5 24. Qxb7 Bd4+ 25. Kh1 Nf6 26. Bf3 Rxa5 27. Qb4 Rxa1 28. Rxa1 Bc5 29. Qc4 a5 30. Na4 Bb4 31. Qd4 Nd7 32. Qa7 g6 33. Bg4 Nf6 34. Bf3 Ne4 35. Qd4 Nd2 36. Qd3 Qh4 37. Bg4 Qf2 38. f5 gxf5 39. Bxf5 Re3 40. Bxh7+ Kg7 {WeiA gab auf. 41.Dc2 Te2 ist hoffnungslos.} 0-1

[Event "GER-ch 86th"]
[Site "Saarbruecken"]
[Date "2015.12.08"]
[Round "6"]
[White "Riegler, Dieter"]
[Black "Mueller, Reinhold"]
[Result "1-0"]
[WhiteElo "2075"]
[BlackElo "2324"]
[EventDate "2015.12.03"]
[PlyCount "67"]

1. d4 Nf6 2. c4 c5 3. d5 e6 4. Nc3 exd5 5. cxd5 d6 6. e4 g6 7. h3 Bg7 8. Nf3 O-O 9. Bd3 b5 10. Nxb5 Re8 11. O-O Nxe4 12. Re1 a6 13. Nc3 Nxc3 14. Rxe8+ Qxe8 15. bxc3 Bxc3 16. Rb1 Nd7 17. Qa4 Qd8 18. Bf4 Qc7 19. Qc6 Qxc6 20. dxc6 Ne5 21. Bxe5 dxe5 22. c7 Ra7 23. Rb8 Rxc7 24. Bxa6 e4 25. Nh2 Kg7 26. Rxc8 Ra7 27. Bc4 Bd4 28. Ng4 Rd7 29. Ne3 f5 30. Nd5 Kh6 31. Kf1 Rb7 32. Bb3 g5 33. Rc6+ Kh5 34. Rc7 1-0